000 01788cam a22005054i 4500
003 PE-LiUPU
005 20250731165451.0
008 150623s r 000 0 d
020 _a1850757887
035 _a(Sirsi) i9781850757887
040 _aPE-LiUPU
_bspa
_cPE-LiUPU
_erda
049 _aPRUA
082 0 4 _a221.07
_bBS
_221
245 0 4 _aThe prophets.
_n42 /
_cEditado por Philip Davies.
264 1 _aSheffield, Great Britain :
_bSheffield Academic Press,
_c1996.
300 _a388 páginas ;
_c24 centímetros
336 _atext
_2rdacontent
337 _aunmediated
_2rdamedia
338 _avolume
_2rdacarrier
490 0 _aThe Biblical Seminar, 42. A Sheffield Reader
504 _aBibliografía al pie de páginas.
505 0 _aWhat are prophets?. -The composition of prophetic books. -Prophetic ideology. -Reading prophecy.
526 _aSEG44
526 _aSEG26
526 _aP151
526 _aP150
526 _aP149
526 _aP146
526 _aP145
526 _aP126
526 _aP125
526 _aP92
526 _aP75
526 _aP74
526 _aP27
526 _aP15
630 _aBiblia.
_pA.T.
_xLibros proféticos
_vEnsayos.
700 1 _aDavies, Philip P.,
_eed.
942 _2ddc
_cBOOK
949 _aRC 221.07 BS 42
_wDEWEY
_c1
_i44284
_lCCODEBUL1
_mBUL
_r0
_sY
_tBOOK
_u2015-6-24
_xTEOLOGIA
_PP35
_0COMPRA
_o.CIRCNOTE. No olvidar cambiar la fecha de devolución!!!!!!!
_o.STAFF. Colección General
994 _aC0
_bPEPRU
596 _a1
999 _aRC 221.07 BS 42
_wDEWEY
_c21166
_i44284
_f2021-11-8
_g6
_lCCODEBUL1
_mBUL
_r1
_sY
_tBOOK
_u2015-6-24
_xTEOLOGIA
_PP35
_0COMPRA
_o.CIRCNOTE. No olvidar cambiar la fecha de devolución!!!!!!!
_o.STAFF. Colección General
_d21166
980 _81
_gALBERTO SANCHEZ Responsable de Automatización